000 00479nam a2200181Ia 4500
005 20250609085934.0
008 008 250516s9999 xx 000 0 eng d
020 _a9788119394029
040 _beng
_cSDCL
041 _aeng
_2eng
084 _aQ222:(R66) M0
100 _aBhatt, S.R.
_9812108
245 0 _aPhilosophy of Pancaratra
260 _aDelhi:
_bMotilal Banarasidass International,
_c2023.
300 _aviii,136p.
650 _aSanskrit
942 _cTEXL
_2CC
999 _c1429278
_d1429278